Animal at large / Patricia Reilly Giff ; ... Read More
Available copies
- 2 of 2 copies available at LARL/NWRL Consortium.
- 2 of 2 copies available at Northwest Regional Library. (Show preferred library)
Current holds
0 current holds with 2 total copies.
Show All Copies
| Location | Call Number / Copy Notes | Barcode | Shelving Location | Status | Due Date |
|---|---|---|---|---|---|
| Godel Memorial-Warren Library | j GIF (Text) | 35500006328528 | Main | Available | - |
| Hallock Public Library | j GIF (Text) | 35500006328510 | Main | Available | - |
Record details
- ISBN: 9780823446674
- Physical Description: 91 pages : illustrations ; 22 cm.
- Edition: First edition.
- Publisher: New York : Holiday House, [2020]
Content descriptions
| Summary, etc.: | When Tori's cousin and best friend, Sumiko, ... Read More |
| Target Audience Note: | Ages 7-10. Holiday House. Grades 2-3. Holiday House. |
Search for related items by subject
| Subject: | Zoos > Juvenile fiction. Cousins > Juvenile fiction. Friendship > Juvenile fiction. Family life > Juvenile fiction. Zoo animals > Juvenile fiction. Mystery and detective stories. |
Search for related items by series
| LDR | 01416pam a2200397 i 4500 | ||
|---|---|---|---|
| 001 | 353788 | ||
| 003 | LARL_NWRL_CONSORTIUM | ||
| 005 | 20201103172506.0 | ||
| 008 | 191105s2020 nyua b 000 1 eng | ||
| 010 | . | ‡a2019046314 | |
| 020 | . | ‡a9780823446674 | |
| 035 | . | ‡a(OCoLC)1127066744 | |
| 040 | . | ‡aDLC ‡beng ‡erda ‡cDLC ‡dDLC ‡dIMmBT | |
| 042 | . | ‡apcc ‡alcac | |
| 100 | 1 | . | ‡aGiff, Patricia Reilly, ‡eauthor. ‡0(LARL_NWRL_CONSORTIUM)152831 |
| 245 | 1 | 0. | ‡aAnimal at large / ‡cPatricia Reilly Giff ; illustrated by Abby Carter. |
| 250 | . | ‡aFirst edition. | |
| 264 | 1. | ‡aNew York : ‡bHoliday House, ‡c[2020] | |
| 300 | . | ‡a91 pages : ‡billustrations ; ‡c22 cm. | |
| 336 | . | ‡atext ‡btxt ‡2rdacontent. | |
| 337 | . | ‡aunmediated ‡bn ‡2rdamedia. | |
| 338 | . | ‡avolume ‡bnc ‡2rdacarrier. | |
| 490 | 0 | . | ‡aMysteries on Zoo Lane ; ‡v2 |
| 521 | 1 | . | ‡aAges 7-10. ‡bHoliday House. |
| 521 | 2 | . | ‡aGrades 2-3. ‡bHoliday House. |
| 520 | . | ‡aWhen Tori's cousin and best friend, Sumiko, visits, the two girls investigate a mystery involving a missing zoo animal and strange noises in the back yard. | |
| 650 | 0. | ‡aZoos ‡vJuvenile fiction. | |
| 650 | 0. | ‡aCousins ‡vJuvenile fiction. ‡0(LARL_NWRL_CONSORTIUM)171698 | |
| 650 | 0. | ‡aFriendship ‡vJuvenile fiction. ‡0(LARL_NWRL_CONSORTIUM)164914 | |
| 650 | 0. | ‡aFamily life ‡vJuvenile fiction. | |
| 650 | 0. | ‡aZoo animals ‡vJuvenile fiction. | |
| 650 | 0. | ‡aMystery and detective stories. ‡0(LARL_NWRL_CONSORTIUM)176113 | |
| 700 | 1 | . | ‡aCarter, Abby, ‡eillustrator. ‡0(LARL_NWRL_CONSORTIUM)95522 |
| 901 | . | ‡a353788 ‡b ‡c353788 ‡tbiblio | |

Add to basket
Permalink
Disable Highlighting